LEADER 01602nam a2200289 i 4500 001 000000122008 003 CaOOAMICUS 005 20260317124507.0 008 150929s2003 be u000 u lat u 020 $a2-503-05019-0 040 $aSeMil$bita 100 1 $aBorfoni, Folchino,$d.$0(OLS)http://semarc/name/5235 245 10$a1: Folchini de Borfonibus Cremonina :$bgrammatica, orthographia et prosodia /$ccura et studio Carla Desantis. 260 $aTurnhout :$bBrepols,$c2003. 300 $a178, 338 p. ;$c26 cm. 490 0 $aCorpus Christianorum. Continuatio Mediaevalis ;$v201. 700 1 $aDesantis, Carla.$0(OLS)http://semarc/name/50724 773 0 $aBorfoni, Folchino $tFolchini de Borfonibus Opera omnia.$dTurnhout : Brepols, 2003-$kCorpus Christianorum. Continuatio Mediaevalis$g1$w()10835 776 0 $aCentre traditio litterarum Occidentalium$tFolchinus de Borfonibus : Cremonina.$dTurnhout : Brepols, 2004.$kCorpus Christianorum. Instrumenta lexicologica latina. Ser. A, Formae$z2-503-65012-0$w()125037 830 0$aCorpus Christianorum. Continuatio Mediaevalis ;$v201.$0(OLS)http://semarc/title/35 850 $aSeMil 852 $aSeMil$W1$xVenegono$y1$mSL2.G CC.CM 201$j268593$B77040$CSeMilBibl$Z2$F79129 $8I 961 $aSottoscrizione: Brepols 996 $6020$a2-503-05019-0$9(OLS)http://semarc/number/107666 996 $6245$a1: Folchini de Borfonibus Cremonina :$bgrammatica, orthographia et prosodia$9(OLS)http://semarc/title/179749 996 $6260$aTurnhout :$bBrepols$9(OLS)http://semarc/publisher/29626